| 000 | 00570nam a2200229Ia 4500 | ||
|---|---|---|---|
| 003 | OSt | ||
| 005 | 20221006151738.0 | ||
| 006 | a|||||r|||| 00| 0 | ||
| 007 | ta | ||
| 008 | 221006b |||||||| |||| 00| 0 eng d | ||
| 020 | _c115.00 | ||
| 024 | _a23,209 | ||
| 037 | _cTextual | ||
| 040 |
_aEASL _cEASL _beng |
||
| 041 |
_2eng _aeng |
||
| 100 |
_aBIHARI Girish _9123396 |
||
| 245 | 0 | _aCivil insurgency and intelligence operations | |
| 260 |
_an _bLancers _c1982 |
||
| 300 |
_a291p. _ccm. |
||
| 942 |
_cTEXL _2CC |
||
| 999 |
_c1091295 _d1091295 |
||